• 首页
  • 本馆介绍
  • 公告通知
  • 最新文献
  • 馆藏检索
  • 电子资源
  • 读者导购
  • 参考咨询
  • 我的图书馆
  • 登录
  • 详细信息显示
  • 放入我的书架
  • 预约/预借图书
  • 作者相关作品
  • 分类相关作品
  • 丛书相关作品
  • 出版社相关作品

书目信息

  • 表格格式
  • 工作单格式
  • 卡片格式
题名:
中国被动式低能耗建筑年度发展研究报告
    
 
作者: 高立新 主编 ;住房和城乡建设部 , 北京康居认证中心 , 天津格亚德新材料科技公司 编
分册: 2019  
出版信息: 北京   中国建筑工业出版社  2019
页数: 360页
开本: 26cm
丛书名:
单 册:
中图分类: F426.9
科图分类:
主题词: 生态建筑--sheng tai jian zhu--建筑工程--研究报告--中国--2019
电子资源:
ISBN: 978-7-112-24303-7
000 01399nam0 2200277 450
001 2133110744
005 20211026092102.32
010    @a978-7-112-24303-7@dCNY198.00
100    @a20191203d2019 em y0chiy50 ea
101 0  @achi
102    @aCN@b110000
105    @aa z 000yy
106    @ar
200 1  @a中国被动式低能耗建筑年度发展研究报告@Azhong guo bei dong shi di neng hao jian zhu nian du fa zhan yan jiu bao gao@h2019@f高立新主编,住房和城乡建设部科技与产业化发展中心(住房和城乡建设部住宅产业化促进中心),北京康居认证中心,天津格亚德新材料科技有限公司编
210    @a北京@c中国建筑工业出版社@d2019
215    @a360页@c图@d26cm
314    @a主编:高立新
330    @a本书介绍了我国被动房在2019年国内研发所取得的研究成果,阐述重要技术和产品如何应用,介绍了已获得德国能源署、住房和城乡建设部科技与产业化发展中心及北京康居认证中心共同认证的被动式低能耗建筑示范项目,以及有代表性的示范项目的实践案例等内容。
606 0  @a生态建筑@Asheng tai jian zhu@x建筑工程@x研究报告@y中国@z2019
690    @aF426.9@v5
701  0 @a高立新@Agao li xin@4主编
712 02 @a住房和城乡建设部@Azhu fang he cheng xiang jian she bu@b科技与产业化发展中心@4编
712 02 @a北京康居认证中心@Abei jing kang ju ren zheng zhong xin@4编
712 02 @a天津格亚德新材料科技公司@Atian jin ge ya de xin cai liao ke ji gong si@4编
801  0 @aCN@b百万庄@c20211025
905    @b1312274-75@dF426.9@e209(2019)@f2
    
    中国被动式低能耗建筑年度发展研究报告.2019/高立新主编,住房和城乡建设部科技与产业化发展中心(住房和城乡建设部住宅产业化促进中心),北京康居认证中心,天津格亚德新材料科技有限公司编.-北京:中国建筑工业出版社,2019
    360页:图;26cm
    
    
    ISBN 978-7-112-24303-7:CNY198.00
    本书介绍了我国被动房在2019年国内研发所取得的研究成果,阐述重要技术和产品如何应用,介绍了已获得德国能源署、住房和城乡建设部科技与产业化发展中心及北京康居认证中心共同认证的被动式低能耗建筑示范项目,以及有代表性的示范项目的实践案例等内容。
●
相关链接 在E读中查询图书 在五车中查询图书 在当当中查询图书 在豆瓣中查询图书


正题名:中国被动式低能耗建筑年度发展研究报告     索取号:F426.9/209(2019)         预约/预借

序号 登录号 条形码 馆藏地/架位号 状态 备注
1 1312274   213122743   第一样本阅览室/ [索取号:F426.9/209(2019)] 在馆    
2 1312275   213122752   第一借阅区/ [索取号:F426.9/209(2019)] 在馆    
唐山师范学院图书馆 欢迎您!
大连网信软件有限公司© 版权所有